000 00752cam a2200205 4500500
005 20260329020424.0
041 _afre
042 _adc
100 1 0 _aAllard, Bruno
_eauthor
700 1 0 _aBallandras, Sylvain
_eauthor
700 1 0 _aBegaud, Xavier
_eauthor
700 1 0 _aChazelas, Jean
_eauthor
700 1 0 _aGanne, Jean-Pierre
_eauthor
700 1 0 _aGautier, François
_eauthor
700 1 0 _aHouzet, Dominique
_eauthor
700 1 0 _aLebourgeois, Richard
_eauthor
245 0 0 _aCartes électroniques : technologies et conception
260 _bTechniques de l'ingénieur,
_c2025.
856 4 1 _uhttps://stm.cairn.info/techniques-de-l-ingenieur-cartes-electroniques-technologies-et-conception--42287210?lang=fr&redirect-ssocas=7080
999 _c1905961
_d1905961